Statistiques concernant Départements d'origine des Premiers ministres français

Cliquez ici pour prendre le quiz!

Statistiques générales

  • Ce quiz a été pris 165 fois
  • Le résultat moyen est 16 sur 19

Statistiques - réponses

Premier ministreRégionDépartement de naissance% Correct
Michel DebréÎle-de-FranceParis
98%
Jacques Chaban-DelmasÎle-de-FranceParis
98%
Pierre MessmerÎle-de-FranceParis
98%
Jacques ChiracÎle-de-FranceParis
98%
Laurent FabiusÎle-de-FranceParis
98%
Pierre MauroyHauts-de-FranceNord (Cartignies)
90%
Edith CressonÎle-de-FranceHauts-de-Seine (Boulogne-Billancourt)
88%
Michel RocardÎle-de-FranceHauts-de-Seine (Courbevoie)
88%
Lionel JospinÎle-de-FranceHauts-de-Seine (Meudon)
88%
Pierre BérégovoyNormandieSeine-Maritime (Déville-lès-Rouen)
88%
Edouard PhilippeNormandieSeine-Maritime (Rouen)
88%
François FillonPays de la LoireSarthe (Le Mans)
83%
Raymond BarreOutre-merLa Réunion (Saint-Denis)
81%
Bernard CazeneuveHauts-de-FranceOise (Senlis)
77%
Alain JuppéNouvelle-AquitaineLandes (Mont-de-Marsan)
76%
Georges PompidouAuvergne-Rhône-AlpesCantal (Montboudif)
72%
Jean-Marc AyraultPays de la LoireMaine-et-Loire (Maulévrier)
70%
Maurice Couve de MurvilleGrand EstMarne (Reims)
67%
Jean-Pierre RaffarinNouvelle-AquitaineVienne (Poitiers)
66%

Distribution des résultats

Percentile par nombre de réponses

% des personnes avec chaque résultat

Votre développement - résultats

Vous n’avez pas pris ce quiz